000 00606nam a2200217Ia 4500
003 GCL
008 140319s9999 xx 000 0 ara d
040 _aGCL /
_cGCL
082 0 4 _a912.62
_bو ا
100 1 _aوجكتس، جيوبر
245 1 0 _aاطلس مصر والعالم /
_cوجكتس، جيوبر
250 _aالاولى
260 _aبيروت :
_bمؤسسة جيويروجكتس ،
_c1987
300 _a160 ص ؛
_c28 سم
490 _a
650 0 4 _aالجغرافيا
650 0 4 _aالخرائط
650 0 4 _aالقاهرة
650 0 4 _aالاطالس
942 _2ddc
_cBK
999 _c26831
_d26831